000 00718nam a2200217 a 4500
003 BD-RjUL
005 20220324155449.0
008 240322s1948 nyua b 000 0 eng
035 _a(BD-RjUL)
040 _aDLC
_cCSU
_dOCL
_dSER
_dEQO
_dBD-RjUL
_beng
041 _aeng
082 _223
_a302
_bSHO 1948
100 1 _aSherif, Muzafer,
_d1906-1988
_92036
245 1 3 _aAn outline of social psychology /
_cby Muzafer Sherif; with an introduction by Gardner Murphy.
260 _aNew York :
_bHarper,
_c1948.
300 _axv, 479 p. :
_bill. ;
_c22 cm.
500 _aIncludes bibliographical footnotes and indexes.
650 0 _aSocial psychology
_91101
700 1 _aMurphy, Gardner,
_d1895-1979.
_92037
942 _2ddc
_cBK
999 _c79609
_d79609